[Event "BL Meisterschaftsturnier 2020"]
[Site "Karlsruhe"]
[Date "2020.09.16"]
[Round "1.1"]
[White "Korobov, Anton"]
[Black "Huschenbeth, Niclas"]
[Result "1/2-1/2"]
[WhiteElo "2688"]
[BlackElo "2612"]
[Annotator "TA"]
[PlyCount "89"]
[EventDate "2020.09.16"]
[EventType "team-tourn"]
[EventCountry "GER"]
[SourceTitle "playchess.com"]
[Source "ChessBase"]
[SourceQuality "1"]
[WhiteTeam "Viernheim"]
[BlackTeam "Bayern Muenchen"]

{[%evp 25,89,0,0,0,0,0,0,-10,-10,-6,-4,-17,29,14,35,40,39,29,22,18,29,8,16,8,10,7,6,0,0,0,0,0,0,0,0,0,0,0,0,0,0,0,0,0,0,0,0,0,0,0,0,0,0,0,0,0,0,0,0,0,0,0,0,0,0,0]} 1. d4 Nf6 2. c4 e6 3. Nc3 Bb4 4. e3 O-O 5. Bd3 c5 6. Nf3 d5 7. O-O cxd4 8. exd4 dxc4 9. Bxc4 b6 10. Bg5 Bb7 11. Rc1 h6 12. Bh4 Nc6 13. a3 Be7 14. Ba2 {E57: Nimzo-Indian: Rubinstein: Main Line: 7...Nc6 8 a3 dxc4 9 Bxc4 cxd4.} Nh5 15. Bg3 Nxg3 {[#]} 16. hxg3 $146 ({Predecessor:} 16. fxg3 Bg5 17. Nxg5 Qxg5 18. Qd3 Rad8 19. Bb1 f5 20. Ne2 Ne5 21. Qc3 Rc8 22. h4 Rxc3 23. hxg5 {½-½ (30) Hansen,L (2578)-Dean,J (2272) Orlando 2011}) 16... Bf6 {[%cal Rc6d4]} 17. d5 exd5 18. Qxd5 Qxd5 19. Nxd5 Rac8 20. Nxf6+ gxf6 21. Rfe1 Rfd8 22. Rc4 Ba6 23. Rc3 Kf8 {The position is equal.} 24. Kh2 Nd4 {[#] Strongly threatening ...Rxc3.} 25. Nxd4 Rxd4 26. Rxc8+ Bxc8 $11 {[%mdl 4096] Endgame KRB-KRB} 27. Rc1 Be6 28. Bxe6 fxe6 {KR-KR} 29. Rc7 Rd2 30. Rxa7 Rxb2 31. f3 b5 32. g4 Kg8 33. Kg3 b4 34. axb4 Rxb4 35. Kh4 {Kh5 is the strong threat.} Rb5 36. Re7 Re5 37. f4 Re4 38. g3 Re3 39. f5 e5 40. Kh5 {[#] And now Kg6 would win.} Rxg3 41. Kg6 {[%cal Re7e8]} Rxg4+ 42. Kxf6 Ra4 43. Re8+ Kh7 44. Rxe5 h5 45. Kg5 {Accuracy: White = 100%, Black = 96%.} 1/2-1/2

[Event "BL Meisterschaftsturnier 2020"]
[Site "Karlsruhe"]
[Date "2020.09.16"]
[Round "1.1"]
[White "Kamsky, Gata"]
[Black "Caruana, Fabiano"]
[Result "0-1"]
[WhiteElo "2674"]
[BlackElo "2835"]
[Annotator "TA"]
[PlyCount "140"]
[EventDate "2020.09.16"]
[EventType "team-tourn"]
[EventCountry "GER"]
[SourceTitle "playchess.com"]
[Source "ChessBase"]
[SourceQuality "1"]
[WhiteTeam "Deizisau"]
[BlackTeam "Baden-Baden"]

{[%evp 12,140,12,10,9,11,20,3,3,0,10,0,0,0,0,0,0,0,15,8,17,0,0,-14,2,-18,-16,-32,-2,-20,-14,-5,-9,-20,-18,-40,-39,-48,-8,-4,-10,-14,-12,-21,-32,-32,0,0,0,0,0,0,0,0,0,-1,0,-66,-48,-85,-89,-116,-118,-155,-78,-103,-125,-181,-160,-152,-153,-185,-179,-162,-180,-238,-226,-225,-219,-227,-227,-226,-226,-223,-226,-226,-226,-226,-224,-220,-220,-218,-208,-220,-223,-227,-204,-204,-204,-204,-204,-395,-392,-392,-392,-392,-392,-392,-392,-392,-392,-581,-570,-568,-522,-439,-392,-766,-755,-697,-660,-29961,-29964,-29964,-12670,-29983,-29983,-29983,-29984,-29984,-29985]} 1. d4 Nf6 2. Nf3 g6 3. c3 Bg7 4. Bg5 O-O 5. Nbd2 h6 6. Bh4 d6 7. e4 c5 {A48: 1 d4 Nf6 2 Nf3 g6: Torre, London and Colle Systems.} 8. d5 Nbd7 {[%cal Bb8d7,Bd7f6,Bf6h5,Bh5g3][%mdl 32]} 9. Bd3 Nh5 {The position is equal.} 10. O-O Nf4 11. Bc2 b5 {[#]} 12. Rb1 $146 ({Predecessor:} 12. Re1 b4 13. cxb4 cxb4 14. Nb3 Ne5 15. Nxe5 dxe5 16. f3 a5 17. Rc1 Qd6 18. Bf2 {1-0 (34) Ivanisevic,I (2562)-Krzyzanowski,M (2472) Budapest 2018}) 12... Nf6 13. Re1 Qc7 14. Nf1 e5 15. dxe6 Bxe6 16. Bg3 N6h5 17. Qd2 Nxg3 18. hxg3 Nh5 19. Bb3 c4 20. Bc2 Rfe8 21. Rbd1 Rad8 22. Nd4 Bg4 23. Ra1 Qc5 24. Ne3 Nf6 25. a4 a6 26. axb5 axb5 27. Nxg4 Nxg4 28. Bd1 Nf6 (28... Ne5 {with more complications.} 29. b4 cxb3 30. Bxb3 Nc4 31. Bxc4 bxc4 32. Ra6 Rc8) 29. Bf3 Nd7 30. Nc2 Qg5 31. Qxg5 hxg5 32. Ra5 Rb8 33. Rd1 Nf6 34. Rxd6 ({White should try} 34. g4 $11) 34... g4 $15 35. e5 Rxe5 36. Bc6 Re2 37. Nd4 Re1+ $1 38. Kh2 Kh7 {Hoping for ...Rh8.} 39. Ra8 ({Don't go for} 39. Bxb5 $2 Ne4 $1 $19 {[%mdl 512]}) ({Don't blunder} 39. Rxb5 $2 Rh8 $19) (39. Nc2 $17 Re2 40. Ne3) 39... Rxa8 $19 40. Bxa8 Rb1 41. Nxb5 Rxb2 {[%mdl 64] Double Attack} 42. Bc6 Rxf2 43. Kg1 (43. Rd4 $142) 43... Rc2 44. Rd4 Bh6 {And now ...Be3+ would win.} 45. Rxc4 Be3+ 46. Kf1 Nh5 $1 {[%cal Rh5g3]} 47. Rxg4 f5 $1 {[%cal Rf5g4]} 48. Rh4 Kg7 49. Rh3 {aiming for g4!} Bf2 50. Rxh5 gxh5 {[%mdl 4096] Endgame KRB-KBN} 51. Nd6 Bc5 52. Nxf5+ Kf6 53. Nh4 Rxc3 54. Be8 {[#]} Kg5 $1 55. Nf3+ {[#]} Kh6 $1 56. Bd7 $2 (56. Nh4) 56... Rc1+ 57. Ke2 Rc2+ 58. Kf1 Rf2+ 59. Ke1 Rxg2 60. Nh4 Rb2 61. Kf1 (61. Bc8 {is a better defense.}) 61... Rf2+ 62. Ke1 Kg5 63. Bh3 Kf6 64. Bd7 $2 (64. Ng2) 64... Ra2 65. Kf1 Bd6 66. g4 hxg4 67. Bxg4 {[#]} Kg5 $1 68. Nf5 Bc5 {Black mates.} 69. Bh3 Rf2+ {[%mdl 64] Double Attack} 70. Ke1 Rh2 {Accuracy: White = 65%, Black = 94%.} 0-1

[Event "BL Meisterschaftsturnier 2020"]
[Site "Karlsruhe"]
[Date "2020.09.16"]
[Round "1.2"]
[White "Vachier-Lagrave, Maxime"]
[Black "Heimann, Andreas"]
[Result "1-0"]
[WhiteElo "2778"]
[BlackElo "2617"]
[Annotator "TA"]
[PlyCount "77"]
[EventDate "2020.09.16"]
[EventType "team-tourn"]
[EventCountry "GER"]
[SourceTitle "playchess.com"]
[Source "ChessBase"]
[SourceQuality "1"]
[WhiteTeam "Baden-Baden"]
[BlackTeam "Deizisau"]

{[%evp 23,77,0,0,3,0,0,0,0,0,0,0,-33,-39,-26,12,-55,-55,-53,-52,-63,-61,-64,-47,-63,-47,-59,-52,-42,20,20,36,37,33,33,35,43,66,65,73,65,69,54,56,56,98,95,109,118,118,120,116,104,116,102,102,119]} 1. e4 e5 2. Nf3 Nc6 3. Bb5 a6 4. Ba4 Nf6 5. O-O Nxe4 6. d4 b5 7. Bb3 d5 8. dxe5 Be6 9. c3 Bc5 10. Nbd2 O-O 11. Bc2 Nxf2 12. Rxf2 f6 13. Nf1 {C82: Open Ruy Lopez: 9 c3 without 9...Be7.} Bxf2+ 14. Kxf2 fxe5 15. Kg1 {The position is equal.} Qd6 16. Ng5 Bf5 17. Bb3 Ne7 $36 {[%mdl 2048] [#] Black is more active.} 18. Ng3 $146 ({Predecessor:} 18. Ne3 Rad8 19. Bd2 c5 20. Nxf5 Nxf5 21. Qe2 h6 22. Ne4 Qb6 23. Be3 Rf7 24. Bxc5 {1-0 (49) Darga,K-Larsen,B Copenhagen 1953}) 18... c6 19. Qe2 (19. Be3 $11) 19... Kh8 $1 $15 20. Bd2 h6 21. Re1 e4 (21... hxg5 22. Qxe5 Qxe5 23. Rxe5 $14) 22. Qh5 {[#] aiming for Nf7+.} Bg6 23. Qh3 Nf5 24. Nxf5 Bxf5 25. Qh4 Qe7 ({Black should try} 25... a5 $15 26. Nh3 b4) 26. Nf3 $1 $11 Qxh4 27. Nxh4 Bh7 {[#] Threatens to win with ...g5.} 28. g3 {[%mdl 1024] White has compensation.} g5 29. Ng2 Kg7 30. Be3 Bf5 31. Bc5 Rf7 32. Bd1 Kg6 33. h4 Bh3 34. h5+ {White is better.} Kh7 35. Ne3 {Hoping for g4.} Bd7 36. Ng4 Re8 37. Rf1 Rxf1+ 38. Kxf1 {And now Nf6+ would win.} Bxg4 39. Bxg4 {Accuracy: White = 91%, Black = 82%.} 1-0

[Event "BL Meisterschaftsturnier 2020"]
[Site "Karlsruhe"]
[Date "2020.09.16"]
[Round "1.2"]
[White "Dragnev, Valentin"]
[Black "Anton Guijarro, David"]
[Result "1-0"]
[WhiteElo "2553"]
[BlackElo "2688"]
[Annotator "TA"]
[PlyCount "97"]
[EventDate "2020.09.16"]
[EventType "team-tourn"]
[EventCountry "GER"]
[SourceTitle "playchess.com"]
[Source "ChessBase"]
[SourceQuality "1"]
[WhiteTeam "Bayern Muenchen"]
[BlackTeam "Viernheim"]

{[%evp 13,97,33,33,-3,34,27,32,47,51,30,21,22,30,30,27,25,7,7,64,70,77,-12,94,0,0,0,0,0,70,50,33,52,126,121,116,59,99,96,205,195,193,184,195,189,210,193,173,165,232,225,265,225,222,227,269,228,253,258,395,227,225,0,410,421,589,582,660,645,620,618,616,612,596,560,592,593,593,592,820,817,787,735,803,803,794,781]} 1. e4 c5 2. Nf3 d6 3. d4 cxd4 4. Nxd4 Nf6 5. Nc3 Nc6 6. Bg5 e6 7. Bb5 Bd7 8. Qd3 $1 {[%mdl 4] is more profitable than 8.Bxc6 at the moment. B62: Sicilian: Richter-Rauzer: 6...e6: Unusual White 7th moves.} h6 9. Bh4 Ne5 {[#]} 10. Qh3 $146 {White is slightly better.} ({Predecessor:} 10. Qe2 g5 11. Bg3 a6 12. Bxd7+ Nfxd7 13. f4 gxf4 14. Bxf4 Qb6 15. O-O-O Rc8 16. Nb3 {½-½ (57) Kreisl,R (2397)-Mosadeghpour,M (2499) Chabahar 2020}) 10... Be7 11. O-O-O O-O 12. f4 Ng6 13. Bxf6 Bxf6 14. f5 Nf4 15. Qf3 Rc8 (15... Bxb5 $11 16. Ndxb5 {[%mdl 64] Discovered Attack} Be5) 16. Bxd7 $14 Qxd7 17. Kb1 ({Not} 17. Qxf4 $2 Bg5 $19) (17. h4 $1 $16) 17... Be5 (17... Rc4 $1 $11) 18. Rd2 ({White should try} 18. g3 $16 Nh3 19. Rhf1) 18... Rc4 $11 19. Rhd1 Rfc8 20. h4 {Threatens to win with g3.} g6 (20... exf5 $11 21. exf5 Qd8) 21. g3 Nh5 $1 22. Nce2 Ng7 (22... Nf6 $14) 23. fxg6 fxg6 24. Qg4 ({Better is} 24. b3 $16 Rb4 25. Qe3) 24... Qf7 25. Nf3 R4c7 (25... h5 $16 26. Nxe5 hxg4 27. Nxf7 Kxf7) 26. Nxe5 $18 dxe5 {[#]} 27. Nc1 $1 Nh5 {[#]} 28. Nd3 $1 Nf6 29. Qe2 Nd7 30. Qe3 Qg7 (30... Qf8 $142 31. Rf2 (31. Qxa7 Qf3 $16) 31... Qg7) 31. Qxa7 g5 32. Qe3 Rf8 33. a4 Kh7 34. b3 gxh4 35. gxh4 Qg4 (35... Rg8 $142 36. Qh3 Qg6) 36. Nf2 (36. Rg1 $142 Qf3 37. Qe1) 36... Qg7 37. Nd3 $2 (37. Rd6) 37... Qg4 38. Rg1 Qxh4 {White is clearly winning.} 39. Rdg2 {Rg7+ is the strong threat.} Rf7 40. Qd2 Qf6 41. Rf2 Rg7 42. Rxf6 Rxg1+ 43. Kb2 Nxf6 44. Qf2 Rg6 45. Nxe5 Rcg7 {If only Black now had time for ...Ng4....} 46. Nxg6 Kxg6 47. Qg3+ Kf7 48. Qf4 Kg6 49. e5 {Accuracy: White = 79%, Black = 41%.} 1-0

[Event "BL Meisterschaftsturnier 2020"]
[Site "Karlsruhe"]
[Date "2020.09.16"]
[Round "1.3"]
[White "Amin, Bassem"]
[Black "Studer, Noel"]
[Result "1-0"]
[WhiteElo "2686"]
[BlackElo "2573"]
[Annotator "TA"]
[PlyCount "71"]
[EventDate "2020.09.16"]
[EventType "team-tourn"]
[EventCountry "GER"]
[SourceTitle "playchess.com"]
[Source "ChessBase"]
[SourceQuality "1"]
[WhiteTeam "Viernheim"]
[BlackTeam "Bayern Muenchen"]

{[%evp 16,71,-9,-18,1,-16,-31,-9,1,-17,-16,-27,-15,-23,0,0,0,0,0,0,89,79,125,142,140,136,129,139,141,132,142,143,149,141,142,134,137,145,145,146,139,141,124,112,150,65,186,190,212,201,212,209,213,207,257,228,858,829]} 1. Nf3 d5 2. g3 Nf6 3. Bg2 c5 4. d3 e6 5. O-O Nc6 6. Nbd2 Be7 7. e4 O-O 8. Re1 Qc7 9. Qe2 b5 {The main line 9...b5 scores better than 9...b6. C00: French: Unusual White 2nd moves.} 10. Nf1 dxe4 11. dxe4 b4 {[#] The position is equal.} 12. e5 $5 $146 {[%mdl 8] An interesting novelty.} ({Predecessor:} 12. Bf4 e5 13. Bg5 Nd4 14. Nxd4 cxd4 15. Bxf6 Bxf6 16. a4 a5 17. b3 Ba6 18. Qd1 {0-1 (47) Loutragotis,P (1870)-Ballas,A (1951) Chania 2018}) 12... Nd5 13. h4 Bb7 14. Qe4 Rfd8 15. Qg4 Nd4 16. Nxd4 cxd4 17. h5 Qxc2 (17... Bf8 $11 {remains equal.}) 18. Be4 Qc7 ({Don't blunder} 18... Ne3 $2 19. Rxe3 Bxe4 20. Rxe4 $18) ({Don't go for} 18... d3 $2 19. Bh6 $18) 19. Bh6 $1 {[%csl Gh6][%cal Rg4g7]} Bf8 {[#]} 20. Bxg7 $1 {[%mdl 576] Remove Defender} Bxg7 {[#]} 21. h6 $1 {[%csl Gh6][%cal Rg4g7][%mdl 64] Pin} f5 22. exf6 $1 {[%mdl 64] Discovered Attack} Nxf6 23. Qxe6+ Qf7 24. Bxb7 Rab8 25. Ba6 $40 {[%mdl 128] White wants a kill.} ({Resist} 25. hxg7 $6 Rxb7 26. Nd2 Qxe6 $14) 25... Bxh6 26. Bc4 Qxe6 27. Rxe6 Kg7 28. Re7+ Kh8 29. Rxa7 d3 30. Ra6 (30. Rd1 $16) 30... Kg7 {This costs Black the game.} (30... Bg7 $1 $14) 31. Rd1 d2 32. f4 Ne4 33. Kg2 {Strongly threatening Ne3.} Rd4 34. Bb3 Rc8 35. Kf3 Rc5 $2 (35... Nc5) 36. Ke3 {[%mdl 64] Double Attack. Accuracy: White = 92%, Black = 59%.} 1-0

[Event "BL Meisterschaftsturnier 2020"]
[Site "Karlsruhe"]
[Date "2020.09.16"]
[Round "1.3"]
[White "Meier, Georg"]
[Black "Aronian, Levon"]
[Result "1/2-1/2"]
[WhiteElo "2622"]
[BlackElo "2773"]
[Annotator "TA"]
[PlyCount "61"]
[EventDate "2020.09.16"]
[EventType "team-tourn"]
[EventCountry "GER"]
[SourceTitle "playchess.com"]
[Source "ChessBase"]
[SourceQuality "1"]
[WhiteTeam "Deizisau"]
[BlackTeam "Baden-Baden"]

{[%evp 24,61,6,11,10,16,8,7,16,0,8,0,0,0,0,0,0,0,0,0,10,0,9,9,12,0,0,0,4,0,0,0,0,0,0,0,8,0,5,0]} 1. Nf3 d5 2. g3 Nf6 3. Bg2 g6 4. O-O Bg7 5. d4 O-O 6. c4 c6 7. cxd5 cxd5 8. Nc3 Ne4 9. Ne5 Nxc3 10. bxc3 Nc6 11. Nxc6 bxc6 12. Qa4 Qb6 13. Ba3 {The position is equal.} Qa6 {D79: Fianchetto Grünfeld: Symmetrical Variation (6 0-0 c6 7 cxd5 cxd5).} 14. Qxa6 Bxa6 15. Rfb1 Rfb8 16. Bf1 e6 17. e3 Bxf1 18. Kxf1 Bf8 19. Bxf8 Kxf8 $11 {[%mdl 4096] Endgame KRR-KRR} 20. Ke2 Ke7 {[#]} 21. Kd3 $146 ({Predecessor:} 21. Rb3 Rb6 22. Kd3 Rab8 23. Rab1 Rxb3 24. axb3 Rb6 25. Ra1 Rxb3 26. Rxa7+ Kf6 27. Kc2 {½-½ (33) Mamedov,R (2642)-Safarli,E (2635) Baku 2015}) 21... Kd6 22. c4 c5 23. cxd5 Kxd5 24. e4+ Kd6 25. dxc5+ Kxc5 26. Rc1+ Kd6 27. Rc2 Rc8 28. Rxc8 Rxc8 29. Rb1 Rc7 30. a4 Rd7 31. Kd4 {Not much happened in this game. Accuracy: White = 100%, Black = 100%.} 1/2-1/2

[Event "BL Meisterschaftsturnier 2020"]
[Site "Karlsruhe"]
[Date "2020.09.16"]
[Round "1.4"]
[White "Wojtaszek, Radoslaw"]
[Black "Bluebaum, Matthias"]
[Result "1/2-1/2"]
[WhiteElo "2717"]
[BlackElo "2660"]
[Annotator "TA"]
[PlyCount "73"]
[EventDate "2020.09.16"]
[EventType "team-tourn"]
[EventCountry "GER"]
[SourceTitle "playchess.com"]
[Source "ChessBase"]
[SourceQuality "1"]
[WhiteTeam "Baden-Baden"]
[BlackTeam "Deizisau"]

{[%evp 9,73,17,17,17,15,14,12,8,20,15,21,15,15,13,21,21,21,10,19,0,29,10,67,19,56,19,15,28,73,71,76,71,64,60,67,70,76,79,87,49,87,72,70,71,83,28,33,23,23,23,36,26,37,18,37,48,98,90,114,8,13,9,9,13,8,12]} 1. c4 e5 2. d3 (2. Nc3 Bb4 3. Nd5 a5 4. Nf3 d6 5. a3 Bc5 6. e3 c6 7. Nc3 Nd7 8. d4 Ba7 9. b4 Ngf6 10. Bb2 O-O 11. Be2 Bb8 12. d5 cxd5 13. cxd5 Nb6 14. O-O Bg4 15. Qb3 a4 16. Qd1 Qe7 17. Rc1 Rc8 18. Nd2 Bd7 19. e4 Bc7 20. Bb5 Bd8 21. Qe2 Ne8 {½-½ (68) Wojtaszek,R (2717)-Bluebaum,M (2647) Warsaw 2020}) 2... Nf6 3. Nf3 Bb4+ 4. Nbd2 Nc6 5. a3 Bxd2+ 6. Bxd2 {A20: English Opening: 1...e5.} d5 7. cxd5 Qxd5 8. e4 Qd6 9. h3 a5 10. Rc1 O-O 11. Be3 Rd8 12. Be2 Be6 13. O-O a4 14. Qc2 Bb3 15. Qc3 {[#]} Qe7 $146 (15... Ne8 $11) ({Predecessor:} 15... Ne8 16. Nd2 Be6 17. Rfd1 Ra6 18. Bc5 Nd4 19. Bxd4 exd4 20. Qc5 Rb6 21. Qc2 Ra8 {0-1 (43) Topalov,V (2761)-Anand,V (2770) Leuven 2016}) 16. Nd2 (16. Bc5 $5 {[%cal Rc5e7]} Qe6 17. Nd2 $14) 16... Ba2 $1 17. Ra1 (17. Bc5 $5 {[%cal Rc5e7]} Qe6 18. f4 $14) 17... Nd4 18. Bd1 Nb5 19. Qb4 Qxb4 20. axb4 Be6 21. Rxa4 Rxa4 22. Bxa4 Nd4 23. Ra1 h6 24. Kf1 b5 25. Bxd4 Rxd4 26. Bxb5 {Strongly threatening Ra8+.} Rxb4 27. Bc6 ({White should play} 27. Bc4 $16) 27... Rxb2 $11 28. Nf3 Nh5 $1 29. Nxe5 Nf4 30. d4 {d5 is the strong threat.} f6 31. Nf3 Bc4+ 32. Kg1 Rc2 33. d5 Bd3 34. e5 ({Better is} 34. Ne1 $16 Rd2 35. Ra8+ (35. Nxd3 Nxd3 36. Rf1 Rb2 $16) 35... Kh7 36. f3) 34... fxe5 {The position is equal.} 35. Nxe5 {aiming for d6!} Be4 {[%mdl 64] [#] Double Attack} 36. Ra4 Bxd5 37. Bxd5+ {Accuracy: White = 75%, Black = 82%.} 1/2-1/2

[Event "BL Meisterschaftsturnier 2020"]
[Site "Karlsruhe"]
[Date "2020.09.16"]
[Round "1.4"]
[White "Bischoff, Klaus"]
[Black "Fedorchuk, Sergey A."]
[Result "1/2-1/2"]
[WhiteElo "2503"]
[BlackElo "2615"]
[Annotator "TA"]
[PlyCount "43"]
[EventDate "2020.09.16"]
[EventType "team-tourn"]
[EventCountry "GER"]
[SourceTitle "playchess.com"]
[Source "ChessBase"]
[SourceQuality "1"]
[WhiteTeam "Bayern Muenchen"]
[BlackTeam "Viernheim"]

{[%evp 9,43,4,30,25,26,10,16,8,8,11,14,17,10,9,17,0,8,0,0,0,0,0,0,-29,10,0,0,0,0,0,3,7,12,7,17,13]} 1. c4 e5 2. Nc3 Nc6 3. Nf3 Nf6 4. d3 Bc5 5. e3 d6 6. a3 {A28: English Opening: Four Knights Variation.} a6 {[#]} 7. d4 $146 ({Predecessor:} 7. b4 Ba7 8. Bb2 O-O 9. Rc1 Re8 10. Be2 Ne7 11. O-O Ng6 12. d4 e4 13. Nd2 {0-1 (44) Filipovic,S (2202)-Svetushkin,D (2592) Porto Carras 2018}) 7... exd4 8. exd4 Ba7 9. Be2 O-O 10. O-O Re8 11. h3 h6 12. Be3 Ne7 13. Qd2 Bf5 14. Bd3 Qd7 15. Rfe1 Ng6 16. Bf1 Ne4 17. Qc2 {Strongly threatening Bd3.The position is equal.} Ng3 18. Bd3 Bxd3 19. Qxd3 Nf5 20. Bd2 Ngh4 21. Nxh4 Nxh4 22. Re4 {Not much happened in this game. Accuracy: White = 93%, Black = 93%.} 1/2-1/2

[Event "BL Meisterschaftsturnier 2020"]
[Site "Karlsruhe"]
[Date "2020.09.16"]
[Round "1.5"]
[White "Donchenko, Alexander"]
[Black "Rapport, Richard"]
[Result "1/2-1/2"]
[WhiteElo "2654"]
[BlackElo "2760"]
[Annotator "TA"]
[PlyCount "221"]
[EventDate "2020.09.16"]
[EventType "team-tourn"]
[EventCountry "GER"]
[SourceTitle "playchess.com"]
[Source "ChessBase"]
[SourceQuality "1"]
[WhiteTeam "Deizisau"]
[BlackTeam "Baden-Baden"]

{[%evp 13,221,32,47,16,18,16,22,24,24,29,31,25,23,16,24,10,30,15,15,20,6,15,12,0,15,0,6,18,8,0,18,26,26,26,26,26,27,27,27,30,25,31,31,0,0,-20,0,0,0,0,0,-10,-12,-122,-124,-123,-131,-144,-152,-144,-158,-244,-133,-132,-129,-156,-150,-143,-147,-183,-183,-216,-159,-256,-256,-260,-254,-235,-245,-256,-249,-219,-154,-154,-154,-154,-157,-419,-387,-548,-540,-548,-548,-548,-547,-548,-548,-548,-543,-548,-548,-548,-541,-541,-534,-534,-519,-512,-512,-717,-660,-1085,-715,-708,-476,-674,-645,-553,-400,-356,-229,-446,-452,-1654,-1654,-1654,-1654,-1654,-1654,-1926,-1926,-1941,-1941,-1941,-1941,-1941,-1941,-1941,-1941,-4116,-1941,-1948,-1955,-1955,-1959,-1962,-1962,-2018,-1654,-2033,-1654,-1654,-1654,-1654,-1654,-2022,-1654,-2022,-1654,-2033,-1654,-2040,-1654,-1654,-1654,-2222,-1451,-2249,-2239,-2252,-1244,-2244,-1089,-2244,-1871,-1809,-152,-1789,-1708,-1560,0,-1466,-152,-152,-152,-152,-9,-9,0,0,0,-8,0,-8,-8,-8,-8,-8,-8,-8,0,0,0,-8,-8,-8,8,8,8,8]} 1. d4 d5 2. c4 c6 3. Nf3 Nf6 4. e3 g6 5. Nc3 Bg7 6. Be2 O-O 7. O-O e6 8. b4 {8.b3 is setting a new trend. D94: Grünfeld: 4 Nf3 Bg7 5 e3.} dxc4 9. Bxc4 Nd5 {is the legacy move (9...b5).} 10. Qb3 Nxc3 11. Qxc3 b6 {[#]} 12. Ba3 $146 ({Predecessor:} 12. Bb2 Bb7 13. Qb3 Nd7 14. Rad1 a5 15. bxa5 Rxa5 16. a4 Qc7 17. e4 Rh5 18. Rfe1 {1-0 (28) Mareco,S (2527)-Di Berardino,D (2492) Santos 2010}) 12... Nd7 13. Rac1 Bb7 14. Qb3 Qe7 15. Rfd1 Rfd8 16. Be2 Bf8 17. Rc3 Qe8 18. Rcc1 Qe7 19. Rc3 Qe8 20. Nd2 a5 21. bxa5 Bxa3 22. Qxa3 Rxa5 23. Qb2 Rda8 24. a3 Qe7 {[%cal Ra5a3]} 25. Nc4 R5a6 26. Ne5 b5 27. Nxd7 Qxd7 28. Qb4 Qd8 29. Rdc1 Ra4 30. Qc5 Qf8 31. Qb6 R8a7 32. g3 Rxa3 33. Rc5 (33. Rxa3 $11 {keeps the balance.} Qxa3 34. Bf1) 33... Qe7 $1 $36 {[%mdl 2048] Black is in control.} 34. R5c2 Ra1 35. Bf3 R7a6 36. Qc5 Qxc5 37. Rxc5 (37. dxc5 $17 {was necessary.} Kf8 38. Kg2) 37... Rxc1+ (37... b4 $19 38. Bd1 R6a3) 38. Rxc1 {[%mdl 4096] Endgame KRB-KRB} Kf8 39. Kf1 Ke7 40. Ke1 Kd6 41. Rc5 Ra1+ 42. Bd1 b4 {White must now prevent ...b3.} 43. Rc2 (43. Rc4 $17) 43... Ba6 $19 44. Kd2 Bb5 ({Weaker is} 44... b3 45. Rb2 $11) 45. Rb2 c5 46. dxc5+ Kxc5 47. Rc2+ Bc4 {Threatens to win with ...b3.} 48. Be2 Ra2 49. Rxa2 Bxa2 $17 {KB-KB} 50. h4 $2 (50. Bd3 $17 {keeps fighting.}) 50... e5 51. Kc2 (51. g4 $142 Bc4 52. Bd1) 51... h6 $19 52. Bd3 Bc4 53. Be4 Bd5 54. Bd3 Bf3 55. Kb2 Bg4 56. Kb3 Bf5 57. Be2 f6 58. Kb2 Be4 59. Kb3 Bd5+ 60. Kb2 Bf7 61. Bd3 g5 62. Kc2 Bc4 63. Bf5 Be2 64. Kd2 (64. hxg5 $142 hxg5 65. Be6) 64... Bf3 65. Kc2 Kd5 {And now ...Be4+ would win.} 66. Kb3 Be4 $1 {[%cal Re4f5]} 67. Bc8 $2 (67. Bg4 {is the only way for White.} f5 68. Bh5) 67... Kc5 68. Bg4 (68. h5 $142 f5 69. Kb2) 68... f5 69. Be2 gxh4 70. gxh4 Bd5+ 71. Ka4 Bc4 72. Bh5 Be6 73. Be2 Bd5 74. Bd1 f4 75. Be2 Be6 76. Bd3 Bf7 (76... Bc4 $142 77. Be4 fxe3 78. fxe3 Be2) 77. Be2 Bc4 78. Bh5 Be6 79. Be2 Bf7 80. Bd1 Bg6 81. Kb3 Kb5 82. Be2+ {[#]} Ka5 $1 83. Bc4 Bh5 84. Kc2 Ka4 85. Kb2 Bd1 86. Bd3 Ka5 87. Bc4 Kb6 88. Be6 Kc5 89. Bf7 Bf3 90. Be6 Bd5 91. Bg4 Kd6 92. Bf5 Ke7 (92... fxe3 $142 93. fxe3 Bf3) 93. Bg6 Kf6 94. Bh7 Be6 $2 (94... Kg7 $19 95. Bc2 Be6) 95. Be4 $2 (95. Bd3 $17) 95... Bf5 96. Bf3 Be6 97. Be4 $1 {[#]} Bf7 $2 (97... fxe3 $1 $19 {( -> ...e2)} 98. fxe3 Ke7) 98. Bc2 $17 Bg6 99. Bd1 Kf5 (99... fxe3 $17 100. fxe3 Bf7) 100. exf4 $1 $11 {The position is equal.} Kxf4 {Strongly threatening ...Bf7.} 101. Kb3 Bf5 (101... e4 {is more complex.} 102. Kxb4 h5 103. Kc5 e3 104. fxe3+ Kg3) 102. Kxb4 Bg4 103. Bc2 Bf3 104. Kc5 h5 105. Bg6 Kg4 106. Kd6 e4 107. Ke5 Kxh4 108. Kf4 Kh3 109. Bxh5 Kg2 110. Bxf3+ Kxf2 111. Kxe4 {White happily takes the draw. Accuracy: White = 58%, Black = 73%.} 1/2-1/2